Bills of Exchange, Cheques and Promissory Notes in South African Law / (Record no. 69)

MARC details
000 -LEADER
fixed length control field 00488nam a22001577a 4500
005 - DATE AND TIME OF INPUT
control field 20231026073747.0
008 - DATA ELEMENTS--GENERAL INFORMATION
fixed length control field 231026b |||||||| |||| 00| 0 eng d
020 ## - INTERNATIONAL STANDARD BOOK NUMBER
International Standard Book Number 0409040738 ; 0409040746
041 ## - LANGUAGE CODE
Language code of text English
082 ## - SHELF NUMBER
DDC number 346.7 MAL
100 ## - MAIN AUTHOR
Main author's name Malan, FR
Language of a work English
245 ## - TITLE STATEMENT
Title Bills of Exchange, Cheques and Promissory Notes in South African Law /
Statement of responsibility, etc. FR Malan
300 ## - PHYSICAL DESCRIPTION
Other physical details xii, 441 pages ;
Dimensions 25, 5 cm.
650 ## - SUBJECT`
Broad subject Legal practice
Own subject terms Law
942 ## - ADDED ENTRY ELEMENTS (KOHA)
Item type Books
942 ## - ADDED ENTRY ELEMENTS (KOHA)
-- ALISON_BN_VRIES
Holdings
Source of classification or shelving scheme Not for loan Collection code Home library Current library Shelving location Date acquired Full call number Barcode Price effective from Koha item type
Dewey Decimal Classification   TEXT BOOKS LAW SOCIETY OF NAMIBIA LIBRARY - WINDHOEK LAW SOCIETY OF NAMIBIA LIBRARY - WINDHOEK Civil Procedure and Court 10/26/2023 364.7 MAL LSN/1986/41 10/26/2023 Books